| 000 | 00563nam a22001932 4500 | ||
|---|---|---|---|
| 001 | 0000008625 | ||
| 005 | 20151217154404.0 | ||
| 008 | 080507s xx 000 0 eng d | ||
| 020 |
_a818712587x : _cKES 850 |
||
| 040 |
_aKABU _cKABU |
||
| 100 | 1 |
_aAgarwal, D. R. _@0000154735 |
|
| 245 | 1 | 0 |
_aMathematics and statistics in economics / _cD. R. Agarwal. |
| 260 |
_aNew Delhi : _bVrinda, _c2003. |
||
| 300 | _a[1463] p. | ||
| 650 | 0 |
_aEconomics, Mathematical. _@0000149913 |
|
| 908 | _a080507 | ||
| 950 | _@1 | ||
| 999 |
_c10965 _d10965 |
||